| 000 | 01326nam0a2200325 4500 | ||
|---|---|---|---|
| 001 | RU\NLR\BIBL_A\022525963 | ||
| 005 | 20250702163327.0 | ||
| 010 | _a978-5-6048753-8-4 | ||
| 021 |
_aRU _bКН-П-25-012183 _9КН-П-25-1223 |
||
| 035 | _a(NLR Aleph) 022525963 | ||
| 090 |
_a13428980 _c13428980 |
||
| 100 | _a20250418d2023 u y0rusy50 ca | ||
| 101 | 0 | _arus | |
| 102 | _aRU | ||
| 105 | _aa|||z|||000ay | ||
| 181 | 0 |
_ai _bxxxe |
|
| 182 | 0 | _an | |
| 200 | 1 |
_aНадрыв _eстихи, проза _fД. К. Серов |
|
| 203 |
_aТекст _bвизуальный _cнепосредственный |
||
| 210 |
_aКрасноярск _cКрафт _d2023 |
||
| 215 |
_a151, [1] с. _cил., цв. ил. _d22 |
||
| 309 | _aБез тит. л. Описано по пер. | ||
| 327 | 1 | _aСодерж. разд.: Мысли, заметки ; Стихотворения ; Картинки с выставки ; Эпизоды ; Проза ; Проза ; Заметки из блокнота ; Кроткостих. В прил. рисунки авт. | |
| 686 | 2 | _aШ6(2=Р)8я44 | |
| 700 | 1 |
_aСеров _bД. К. _f1968- _gДмитрий К. _3RU\NLR\AUTH\770281743 |
|
| 942 | _cBOOK | ||
| 980 | _aNB | ||